书目信息 |
| 题名: |
河流水质原理及中国河流水质
|
|
| 作者: | 陈静生 著 | |
| 分册: | ||
| 出版信息: | 北京 科学出版社 2006 |
|
| 页数: | ||
| 开本: | 26cm | |
| 丛书名: | ||
| 单 册: | ||
| 中图分类: | X832 | |
| 科图分类: | ||
| 主题词: | 环境监测 | |
| 电子资源: | ||
| ISBN: | 7-03-017071-7 | |
| 000 | 00541nam0 2200181 450 | |
| 001 | 0754114953 | |
| 005 | 20070929150154.95 | |
| 010 | @a7-03-017071-7 | |
| 100 | @a20070929d km y0chiy0120 ea | |
| 101 | 0 | @achi |
| 200 | 1 | @a河流水质原理及中国河流水质@Ahe liu shui zhi yuan li ji zhong guo he liu shui zhi@f陈静生 著@Fchen jing sheng zhu |
| 210 | @a北京@c科学出版社@d2006 | |
| 215 | @c插图@d26cm | |
| 606 | 0 | @a环境监测 |
| 690 | @aX832@v3 | |
| 701 | 0 | @a陈静生@Achen jing sheng@4著 |
| 801 | 0 | @aCN@bPFT@c20070929 |
| 905 | @a213230@dX832@eh73@f1 | |
| 河流水质原理及中国河流水质/陈静生 著.-北京:科学出版社,2006 |
| 插图;26cm |
| ISBN 7-03-017071-7: |
| ● |
| 相关链接 |
|
|
|
|
正题名:河流水质原理及中国河流水质
索取号:X832/h73
 
预约/预借
| 序号 | 登录号 | 条形码 | 馆藏地/架位号 | 状态 | 备注 |
| 1 | 6003007 | 260030077 | 密集书库-化学系/ [索取号:X832/h73] | 在馆 |